000 00200 a2200097 4500
020 _a9789500712538
041 _aspa
100 _aFranz Hohler
245 _aLa piedra que se queria Rascar
942 _cBK
999 _c28853
_d28853